000 00658nam a2200193 a 4500
001 BRCA_636
005 20190320203105.0
008 940404s1933 be-a---##b---#000-0#fre-d
040 _aMdU
_cMdU
_dDLC
050 4 _aN1768
_b.A57 1933
245 1 0 _aCatalogue du Musée Mayer van den Bergh
_bAnvers.
260 _aBruselas, Bélgica
_bLibrairie Nationale D´Art et D´Histoire
_c1933
300 _a93 p.
_bil., [40 p.] de láminas
_c18 cm.
500 _aEstado físico: encuadernado, enero 2016
610 2 4 _aMusée Mayer van den Bergh
_vCatálogos
_92135
650 1 4 _aArte europeo
_vCatálogos
_92136
650 1 4 _aArte
_vCatálogos
_zBelgium
_92137
942 _2lcc
_cB
999 _c553
_d553